Príprava a charakterizácia štruktúr na báze amorfného kremíka pre foto-elektrochemickú generáciu solárnych palív
Enregistré dans:
| Auteur principal: | |
|---|---|
| Autres auteurs: | |
| Format: | Manuscrit Livre |
| Langue: | slovaque |
| Publié: |
2017
|
| Sujets: | |
| Accès en ligne: | http://is.stuba.sk/zp/portal_zp.pl?podrobnosti=116201 |
| Tags: |
Pas de tags, Soyez le premier à ajouter un tag!
|
MARC
| LEADER | 00000ntm a22000003a 4500 | ||
|---|---|---|---|
| 001 | stuzp59788 | ||
| 003 | SK-STU | ||
| 005 | 20170724093335.1 | ||
| 007 | ta | ||
| 008 | 150427s2015----xo-----f-mn---000-0-slo-d | ||
| 040 | |a STU |b slo | ||
| 041 | 0 | |a slo | |
| 044 | |a xo | ||
| 100 | 1 | |a Kemény, Martin |u 033000 |4 aut |U FEI Fakulta elektrotechniky a informatiky |T FEI Ústav elektroniky a fotoniky |X 74898 |U E030 |Y 549 |7 74898 | |
| 242 | 0 | 1 | |a Fabrication and characterization of structures on the amorphous silicon basis for photo-electrochemical generation of solar fuels |y eng |
| 245 | 1 | 0 | |a Príprava a charakterizácia štruktúr na báze amorfného kremíka pre foto-elektrochemickú generáciu solárnych palív |
| 260 | |c 2017 | ||
| 300 | |a 45 s., |b CD-ROM | ||
| 650 | 4 | |a amorfný kremík |2 slo | |
| 650 | 4 | |a foto-elektrochemická generácia |2 slo | |
| 650 | 4 | |a šírka zakázaného pásma |2 slo | |
| 650 | 4 | |a photo-electrochemical generation |2 eng | |
| 650 | 4 | |a bandgap |2 eng | |
| 650 | 4 | |a amorphous silicon |2 eng | |
| 700 | 1 | |a Mikolášek, Miroslav |u 033000 |k Z2 |4 ths |U FEI Fakulta elektrotechniky a informatiky |T FEI Ústav elektroniky a fotoniky |X 27049 |U E030 |Y 549 |7 A000027049 | |
| 856 | 4 | |u http://is.stuba.sk/zp/portal_zp.pl?podrobnosti=116201 | |
| 996 | |b 284ER02395 |c E*Bc- 2395 |l EE33 |s P |a 0 |w stuzp59788_0001 | ||